|
|
|
|
| LEADER |
00000nam0a2200000 4500 |
| 001 |
65954 |
| 005 |
20231101212232.0 |
| 035 |
|
|
|a (RuTPU)RU\TPU\book\70012
|
| 090 |
|
|
|a 65954
|
| 100 |
|
|
|a 20040708d1969 m y0rusy50 ca
|
| 101 |
0 |
|
|a rus
|
| 102 |
|
|
|a RU
|
| 105 |
|
|
|a a j 001zy
|
| 200 |
1 |
|
|a Химия и технология угля
|e учебное пособие
|f А. А. Агроскин
|
| 205 |
|
|
|a 2-е изд., перераб. и доп.
|
| 210 |
|
|
|a Москва
|c Недра
|d 1969
|
| 215 |
|
|
|a 237 с.
|c ил.
|
| 320 |
|
|
|a Библиогр.: с. 234-235.
|
| 606 |
1 |
|
|a Углехимия
|2 stltpush
|3 (RuTPU)RU\TPU\subj\62428
|9 79504
|
| 606 |
1 |
|
|a Уголь
|x Переработка комплексная
|2 stltpush
|3 (RuTPU)RU\TPU\subj\33204
|9 55508
|
| 610 |
1 |
|
|a химия
|
| 610 |
1 |
|
|a технология
|
| 610 |
1 |
|
|a химическая переработка
|
| 610 |
1 |
|
|a происхождение
|
| 610 |
1 |
|
|a строение
|
| 610 |
1 |
|
|a химические свойства
|
| 610 |
1 |
|
|a окисление
|
| 610 |
1 |
|
|a пиролиз
|
| 610 |
1 |
|
|a спекаемость
|
| 610 |
1 |
|
|a коксуемость
|
| 610 |
1 |
|
|a каменноугольный кокс
|
| 610 |
1 |
|
|a полукоксование
|
| 610 |
1 |
|
|a газификация
|
| 610 |
1 |
|
|a учебные пособия
|
| 675 |
|
|
|a 662.66(075.8)
|v 3
|
| 675 |
|
|
|a 662.74(075.8)
|v 3
|
| 700 |
|
1 |
|a Агроскин
|b А. А.
|g Анатолий Абрамович
|
| 801 |
|
1 |
|a RU
|b 63413507
|c 20040708
|g PSBO
|
| 801 |
|
2 |
|a RU
|b 63413507
|c 20201021
|g PSBO
|
| 942 |
|
|
|c BK
|